Case of salmonella spp. on pork at market in anlong thnaot commune in krakor district, pursat province, ករណី Salmonella spp. លើសាច់ជ្រូក នៅផ្សារ ក្នុងឃុំ អន្លង់ត្នោត ស្រុកក្រគរ ខេត្តពោធិ៍សាត់ (Record no. 25802)
[ view plain ]
| 000 -LEADER | |
|---|---|
| fixed length control field | 00591nam a22001217a 4500 |
| 040 ## - CATALOGING SOURCE | |
| Transcribing agency | RUA |
| 082 ## - DEWEY DECIMAL CLASSIFICATION NUMBER | |
| Classification number | AVM LAY 2025 B705 Or.1 |
| 100 ## - MAIN ENTRY--AUTHOR NAME | |
| Personal name | LAY LAV, ឡាយ ឡាវ |
| 245 ## - TITLE STATEMENT | |
| Title | Case of salmonella spp. on pork at market in anlong thnaot commune in krakor district, pursat province, ករណី Salmonella spp. លើសាច់ជ្រូក នៅផ្សារ ក្នុងឃុំ អន្លង់ត្នោត ស្រុកក្រគរ ខេត្តពោធិ៍សាត់ |
| 260 ## - PUBLICATION, DISTRIBUTION, ETC. (IMPRINT) | |
| Place of publication | PHNOM PENH |
| Name of publisher | RUA |
| Year of publication | 2025 |
| 300 ## - PHYSICAL DESCRIPTION | |
| Number of Pages | x,51p. |
| Other physical details | ill. |
| Dimensions | 29cm. |
| 942 ## - ADDED ENTRY ELEMENTS (KOHA) | |
| Koha item type | AVM |
| 952 ## - LOCATION AND ITEM INFORMATION (KOHA) | |
| Withdrawn status [LOCAL, KOHA] | 0 |
| 952 ## - LOCATION AND ITEM INFORMATION (KOHA) | |
| Withdrawn status [LOCAL, KOHA] | 0 |
| Permanent Location | Date acquired | Koha item type | Lost status | Shelving location | Barcode | Current Location | Full call number |
|---|---|---|---|---|---|---|---|
| Library Block B | 2026-05-23 | AVM | B705 | B712314 | Library Block B | AVM LAY 2025 B705 Or.1 | |
| Library Block B | 2026-05-23 | AVM | B705 | B712368 | Library Block B | AVM LAY 2025 B705 Or.2 |